5HLuxD.jpg

KING HENRY VIII SENIOR AND PRIMARY SCHOOL LIBRARY OPAC

The elves and the shoemaker / (Record no. 2329)

000 -LEADER
fixed length control field 00944pam a2200313 a 4500
001 - CONTROL NUMBER
control field 006934728
003 - CONTROL NUMBER IDENTIFIER
control field Uk
005 - DATE AND TIME OF LATEST TRANSACTION
control field 20230414093649.0
008 - FIXED-LENGTH DATA ELEMENTS--GENERAL INFORMATION
fixed length control field 040308s2004 enk j| 000 1|eng
015 ## - NATIONAL BIBLIOGRAPHY NUMBER
National bibliography number GBA4Y3678
Source bnb
016 7# - NATIONAL BIBLIOGRAPHIC AGENCY CONTROL NUMBER
Record control number 006934728
Source Uk
020 ## - INTERNATIONAL STANDARD BOOK NUMBER
International Standard Book Number 0746063032
039 0# - LEVEL OF BIBLIOGRAPHIC CONTROL AND CODING DETAIL [OBSOLETE]
Level of rules in bibliographic description 2784
040 ## - CATALOGING SOURCE
Original cataloging agency StDuBDS
Modifying agency Uk
-- KH8
Transcribing agency UK
082 04 - DEWEY DECIMAL CLASSIFICATION NUMBER
Classification number 823.914 DAY
Edition number 22
100 1# - MAIN ENTRY--PERSONAL NAME
Personal name Daynes, Katie.
Relator term Author
245 14 - TITLE STATEMENT
Title The elves and the shoemaker /
Statement of responsibility, etc. retold by Katie Daynes ; illustrated by Desideria Guicciardini.
260 ## - PUBLICATION, DISTRIBUTION, ETC.
Place of publication, distribution, etc. London :
Name of publisher, distributor, etc. Usborne,
Date of publication, distribution, etc. 2004.
300 ## - PHYSICAL DESCRIPTION
Extent 48 p. :
Other physical details col. ill. ;
Dimensions 20cm.
336 ## - CONTENT TYPE
Content type term text
Source rdacontent
337 ## - MEDIA TYPE
Media type term unmediated
Source rdamedia
338 ## - CARRIER TYPE
Carrier type term volume
Source rdacarrier
490 1# - SERIES STATEMENT
Series statement Usborne young reading. Series two
500 ## - GENERAL NOTE
General note Formerly CIP.
Institution to which field applies Uk
655 07 - INDEX TERM--GENRE/FORM
Genre/form data or focus term Fairy tales.
Source of term gsafd
655 07 - INDEX TERM--GENRE/FORM
Genre/form data or focus term Children's stories.
Source of term lcsh
830 #0 - SERIES ADDED ENTRY--UNIFORM TITLE
Uniform title Usborne young reading.
Number of part/section of a work Series two
Name of part/section of a work Series two.
942 ## - ADDED ENTRY ELEMENTS (KOHA)
Source of classification or shelving scheme
Koha item type Books - Fiction
Holdings
Withdrawn status Lost status Source of classification or shelving scheme Damaged status Not for loan Collection code Permanent Location Current Location Shelving location Date acquired Total Checkouts Full call number Barcode Date due Date last seen Date last checked out Price effective from Koha item type
          Fiction KH8 Primary School Library KH8 Primary School Library Non Fiction 2023-04-14 18 823.914 DAY KHPL000004078 2026-04-15 2026-04-07 2026-04-07 2023-04-14 Books - Fiction

Powered By KH8 IT Dept